00563cam0a220018100 4500001001200000003000500012005001700017008004100034035002000075035002200095040000900117110003800126245009200164246003000256260001900286651006900305004000700374tmp15411761UPRA20190826100802.0950808s1967 sz eng u a(Sirsi) r104002 a(UPRA)tmp15411761 cUPRA2 aNordfinanz-Bank Zurich.6A61208.114aThe Scandinavian market '67 :ba statistical survey of the four Scandinavian countries.30aScandinavian market, 1967 aZurich,c1967. 0aScandinavia -- Statistics.xScandinavia -- Statistics.6S47475.1104002